2025 All NBA 1st 2nd and 3rd teams - Statistics

General Stats
  • This quiz has been taken 111 times
  • The average score is 10 of 15
Answer Stats
Hint Answer % Correct
1st team Nikola Jokic
98%
1st team Shai Gilgeous Alexander
96%
2nd team LeBron James
95%
1st team Jayson Tatum
91%
1st team Giannis Antetokounmpo
82%
2nd team Stephen Curry
79%
1st team Donovan Mitchell
74%
2nd team Jalen Brunson
73%
3rd team Karl Anthony Towns
61%
3rd team Tyrese Haliburton
59%
2nd team Anthony Edwards
53%
2nd team Evan Mobley
45%
3rd team Jalen Williams
45%
3rd team James Harden
42%
3rd team Cade Cunningham
36%
No matching quizzes found
Score Distribution
Percent of People with Each Score
Percentile by Number Answered
Your Score History
You have not taken this quiz